Integrály v Rn, integrály závislé od parametra, krivkové a plošné integrály /

Salvato in:
Dettagli Bibliografici
Autore principale: Demetrian, Michal (Autore)
Natura: Libro
Lingua:slovacco
Pubblicazione: Bratislava : Univerzita Komenského, 2023
Tags: Aggiungi Tag
Nessun Tag, puoi essere il primo ad aggiungerne!!

MARC

LEADER 00000nam a22000003a 4500
001 0117701
003 SK-STU
005 20251021142201.1
007 ta
008 251021s ----xo-----e------000-0-----d
020 |a 978-80-223-5689-3 
040 |a STU  |b slo 
041 0 |a slo 
044 |a xo 
080 |a 51.4 
100 1 |a Demetrian, Michal  |4 aut  |r Z5 
245 1 0 |a Integrály v Rn, integrály závislé od parametra, krivkové a plošné integrály /  |c aut. Michal Demetrian 
260 |a Bratislava :  |b Univerzita Komenského,  |c 2023 
300 |a 704 s. 
996 |b 284EK91127  |c E* 91127  |l EE01  |s A  |a 24  |w 0117701_0001